<?xml version="1.0" encoding="UTF-8"?>
<record
    xmlns:xsi="http://www.w3.org/2001/XMLSchema-instance"
    xsi:schemaLocation="http://www.loc.gov/MARC21/slim http://www.loc.gov/standards/marcxml/schema/MARC21slim.xsd"
    xmlns="http://www.loc.gov/MARC21/slim">

  <leader>01099cam a22003011  4500</leader>
  <datafield tag="952" ind1=" " ind2=" ">
    <subfield code="0">0</subfield>
    <subfield code="1">0</subfield>
    <subfield code="2">ddc</subfield>
    <subfield code="4">0</subfield>
    <subfield code="7">1</subfield>
    <subfield code="8">NFIC</subfield>
    <subfield code="a">ASL</subfield>
    <subfield code="b">ASL</subfield>
    <subfield code="c">GEN</subfield>
    <subfield code="d">2016-12-08</subfield>
    <subfield code="e">ASB Publications</subfield>
    <subfield code="h">ASP-017</subfield>
    <subfield code="l">0</subfield>
    <subfield code="o">954.03 HUE</subfield>
    <subfield code="p">100086</subfield>
    <subfield code="r">2016-12-08 00:00:00</subfield>
    <subfield code="t">C-1</subfield>
    <subfield code="w">2016-12-08</subfield>
    <subfield code="y">BK</subfield>
    <subfield code="z">RARE</subfield>
  </datafield>
  <datafield tag="952" ind1=" " ind2=" ">
    <subfield code="0">0</subfield>
    <subfield code="1">0</subfield>
    <subfield code="2">ddc</subfield>
    <subfield code="4">0</subfield>
    <subfield code="7">1</subfield>
    <subfield code="8">NFIC</subfield>
    <subfield code="a">ASL</subfield>
    <subfield code="b">ASL</subfield>
    <subfield code="c">GEN</subfield>
    <subfield code="d">2016-12-08</subfield>
    <subfield code="e">ASB Publications</subfield>
    <subfield code="h">ASP-017</subfield>
    <subfield code="l">0</subfield>
    <subfield code="o">954.03 HUE</subfield>
    <subfield code="p">100087</subfield>
    <subfield code="r">2016-12-08 00:00:00</subfield>
    <subfield code="t">C-2</subfield>
    <subfield code="w">2016-12-08</subfield>
    <subfield code="y">BK</subfield>
    <subfield code="z">RARE</subfield>
  </datafield>
  <datafield tag="952" ind1=" " ind2=" ">
    <subfield code="0">0</subfield>
    <subfield code="1">0</subfield>
    <subfield code="2">ddc</subfield>
    <subfield code="4">0</subfield>
    <subfield code="7">1</subfield>
    <subfield code="8">NFIC</subfield>
    <subfield code="a">ASL</subfield>
    <subfield code="b">ASL</subfield>
    <subfield code="c">GEN</subfield>
    <subfield code="d">2016-12-08</subfield>
    <subfield code="e">ASB Publications</subfield>
    <subfield code="h">ASP-017</subfield>
    <subfield code="l">0</subfield>
    <subfield code="o">954.03 HUE</subfield>
    <subfield code="p">100088</subfield>
    <subfield code="r">2016-12-08 00:00:00</subfield>
    <subfield code="t">C-3</subfield>
    <subfield code="w">2016-12-08</subfield>
    <subfield code="y">BK</subfield>
    <subfield code="z">RARE</subfield>
  </datafield>
  <datafield tag="952" ind1=" " ind2=" ">
    <subfield code="0">0</subfield>
    <subfield code="1">0</subfield>
    <subfield code="2">ddc</subfield>
    <subfield code="4">0</subfield>
    <subfield code="7">1</subfield>
    <subfield code="8">NFIC</subfield>
    <subfield code="a">ASL</subfield>
    <subfield code="b">ASL</subfield>
    <subfield code="c">GEN</subfield>
    <subfield code="d">2016-12-08</subfield>
    <subfield code="e">ASB Publications</subfield>
    <subfield code="h">ASP-017</subfield>
    <subfield code="l">0</subfield>
    <subfield code="o">954.03 HUE</subfield>
    <subfield code="p">100089</subfield>
    <subfield code="r">2016-12-08 00:00:00</subfield>
    <subfield code="t">C-4</subfield>
    <subfield code="w">2016-12-08</subfield>
    <subfield code="y">BK</subfield>
    <subfield code="z">RARE</subfield>
  </datafield>
  <datafield tag="952" ind1=" " ind2=" ">
    <subfield code="0">0</subfield>
    <subfield code="1">0</subfield>
    <subfield code="2">ddc</subfield>
    <subfield code="4">0</subfield>
    <subfield code="7">1</subfield>
    <subfield code="8">NFIC</subfield>
    <subfield code="a">ASL</subfield>
    <subfield code="b">ASL</subfield>
    <subfield code="c">GEN</subfield>
    <subfield code="d">2016-12-08</subfield>
    <subfield code="e">ASB Publications</subfield>
    <subfield code="h">ASP-017</subfield>
    <subfield code="l">0</subfield>
    <subfield code="o">954.03 HUE</subfield>
    <subfield code="p">100090</subfield>
    <subfield code="r">2016-12-08 00:00:00</subfield>
    <subfield code="t">C-5</subfield>
    <subfield code="w">2016-12-08</subfield>
    <subfield code="y">BK</subfield>
    <subfield code="z">RARE</subfield>
  </datafield>
  <datafield tag="952" ind1=" " ind2=" ">
    <subfield code="0">0</subfield>
    <subfield code="1">0</subfield>
    <subfield code="2">ddc</subfield>
    <subfield code="4">0</subfield>
    <subfield code="7">1</subfield>
    <subfield code="8">NFIC</subfield>
    <subfield code="a">ASL</subfield>
    <subfield code="b">ASL</subfield>
    <subfield code="c">HC</subfield>
    <subfield code="d">2020-09-19</subfield>
    <subfield code="e">Donated by Prof. John B. Harrison</subfield>
    <subfield code="h">ASP-017</subfield>
    <subfield code="l">0</subfield>
    <subfield code="o">954.03 HUE</subfield>
    <subfield code="p">101254</subfield>
    <subfield code="r">2020-09-19 00:00:00</subfield>
    <subfield code="t">C-6</subfield>
    <subfield code="w">2020-09-19</subfield>
    <subfield code="y">BK</subfield>
    <subfield code="z">RARE</subfield>
  </datafield>
  <datafield tag="952" ind1=" " ind2=" ">
    <subfield code="0">0</subfield>
    <subfield code="1">0</subfield>
    <subfield code="2">ddc</subfield>
    <subfield code="4">0</subfield>
    <subfield code="7">1</subfield>
    <subfield code="8">NFIC</subfield>
    <subfield code="a">ASL</subfield>
    <subfield code="b">ASL</subfield>
    <subfield code="c">GEN</subfield>
    <subfield code="d">2021-02-14</subfield>
    <subfield code="e">ASB Publications</subfield>
    <subfield code="h">ASP-017</subfield>
    <subfield code="l">0</subfield>
    <subfield code="o">954.03 HUE</subfield>
    <subfield code="p">105709</subfield>
    <subfield code="r">2021-02-14 00:00:00</subfield>
    <subfield code="t">C-7</subfield>
    <subfield code="w">2021-02-14</subfield>
    <subfield code="y">BK</subfield>
    <subfield code="z">RARE</subfield>
  </datafield>
  <datafield tag="952" ind1=" " ind2=" ">
    <subfield code="0">0</subfield>
    <subfield code="1">0</subfield>
    <subfield code="2">ddc</subfield>
    <subfield code="4">0</subfield>
    <subfield code="7">1</subfield>
    <subfield code="8">NFIC</subfield>
    <subfield code="a">ASL</subfield>
    <subfield code="b">ASL</subfield>
    <subfield code="c">GEN</subfield>
    <subfield code="d">2021-02-14</subfield>
    <subfield code="e">ASB Publications</subfield>
    <subfield code="h">ASP-017</subfield>
    <subfield code="l">0</subfield>
    <subfield code="o">954.03 HUE</subfield>
    <subfield code="p">105710</subfield>
    <subfield code="r">2021-02-14 00:00:00</subfield>
    <subfield code="t">C-8</subfield>
    <subfield code="w">2021-02-14</subfield>
    <subfield code="y">BK</subfield>
    <subfield code="z">RARE</subfield>
  </datafield>
  <datafield tag="952" ind1=" " ind2=" ">
    <subfield code="0">0</subfield>
    <subfield code="1">0</subfield>
    <subfield code="2">ddc</subfield>
    <subfield code="4">0</subfield>
    <subfield code="7">1</subfield>
    <subfield code="8">NFIC</subfield>
    <subfield code="a">ASL</subfield>
    <subfield code="b">ASL</subfield>
    <subfield code="c">GEN</subfield>
    <subfield code="d">2021-02-14</subfield>
    <subfield code="e">ASB Publications</subfield>
    <subfield code="h">ASP-017</subfield>
    <subfield code="l">0</subfield>
    <subfield code="o">954.03 HUE</subfield>
    <subfield code="p">105711</subfield>
    <subfield code="r">2021-02-14 00:00:00</subfield>
    <subfield code="t">C-9</subfield>
    <subfield code="w">2021-02-14</subfield>
    <subfield code="y">BK</subfield>
    <subfield code="z">RARE</subfield>
  </datafield>
  <datafield tag="952" ind1=" " ind2=" ">
    <subfield code="0">0</subfield>
    <subfield code="1">0</subfield>
    <subfield code="2">ddc</subfield>
    <subfield code="4">0</subfield>
    <subfield code="7">1</subfield>
    <subfield code="8">NFIC</subfield>
    <subfield code="a">ASL</subfield>
    <subfield code="b">ASL</subfield>
    <subfield code="c">GEN</subfield>
    <subfield code="d">2021-02-14</subfield>
    <subfield code="e">Prof. Azizul Haq and Prof. Husniara Huq Collections</subfield>
    <subfield code="h">ASP-017</subfield>
    <subfield code="l">0</subfield>
    <subfield code="o">954.03 HUE</subfield>
    <subfield code="p">105712</subfield>
    <subfield code="r">2021-02-14 00:00:00</subfield>
    <subfield code="t">C-10</subfield>
    <subfield code="w">2021-02-14</subfield>
    <subfield code="y">BK</subfield>
    <subfield code="z">RARE</subfield>
  </datafield>
  <datafield tag="952" ind1=" " ind2=" ">
    <subfield code="0">0</subfield>
    <subfield code="1">0</subfield>
    <subfield code="2">ddc</subfield>
    <subfield code="4">0</subfield>
    <subfield code="7">0</subfield>
    <subfield code="8">NFIC</subfield>
    <subfield code="a">ASL</subfield>
    <subfield code="b">ASL</subfield>
    <subfield code="c">HC</subfield>
    <subfield code="d">2022-04-20</subfield>
    <subfield code="e">Donated by Prof. John B. Harrison</subfield>
    <subfield code="h">ASP-017</subfield>
    <subfield code="l">0</subfield>
    <subfield code="o">954.03 HUE</subfield>
    <subfield code="p">116502</subfield>
    <subfield code="r">2022-04-20 00:00:00</subfield>
    <subfield code="t">C-11</subfield>
    <subfield code="w">2022-04-20</subfield>
    <subfield code="y">BK</subfield>
    <subfield code="z">RARE</subfield>
  </datafield>
  <datafield tag="999" ind1=" " ind2=" ">
    <subfield code="c">17510</subfield>
    <subfield code="d">17510</subfield>
  </datafield>
  <controlfield tag="001">9865008</controlfield>
  <controlfield tag="003">BDDh-ASL</controlfield>
  <controlfield tag="005">20231015025544.0</controlfield>
  <controlfield tag="008">161208s1964    pk b     b    001 0 eng |</controlfield>
  <datafield tag="010" ind1=" " ind2=" ">
    <subfield code="a">sa 65006543 </subfield>
  </datafield>
  <datafield tag="025" ind1=" " ind2=" ">
    <subfield code="a">PL480: EP-E-267</subfield>
  </datafield>
  <datafield tag="035" ind1=" " ind2=" ">
    <subfield code="a">(OCoLC)7676135</subfield>
  </datafield>
  <datafield tag="040" ind1=" " ind2=" ">
    <subfield code="a">DLC</subfield>
    <subfield code="c">NIC</subfield>
    <subfield code="d">BDDh-ASL</subfield>
  </datafield>
  <datafield tag="042" ind1=" " ind2=" ">
    <subfield code="a">premarc</subfield>
  </datafield>
  <datafield tag="050" ind1="0" ind2="0">
    <subfield code="a">HF486.E6</subfield>
    <subfield code="b">H8</subfield>
  </datafield>
  <datafield tag="082" ind1=" " ind2=" ">
    <subfield code="a">954.03</subfield>
    <subfield code="b">HUE</subfield>
  </datafield>
  <datafield tag="100" ind1="1" ind2=" ">
    <subfield code="a">Huq, Mazharul.</subfield>
    <subfield code="9">81</subfield>
  </datafield>
  <datafield tag="245" ind1="1" ind2="4">
    <subfield code="a">The East India Company's land policy and commerce in Bengal, 1698-1784/</subfield>
  </datafield>
  <datafield tag="260" ind1=" " ind2=" ">
    <subfield code="a">Dacca:</subfield>
    <subfield code="b">Asiatic Society of Pakistan,</subfield>
    <subfield code="c">1964.</subfield>
  </datafield>
  <datafield tag="300" ind1=" " ind2=" ">
    <subfield code="a">xvii, 295 p.:</subfield>
    <subfield code="b">fold. map;</subfield>
    <subfield code="c">25 cm.</subfield>
  </datafield>
  <datafield tag="440" ind1=" " ind2=" ">
    <subfield code="a">Asiatic Society of Pakistan publication;</subfield>
    <subfield code="9">216</subfield>
    <subfield code="v">no. 17</subfield>
  </datafield>
  <datafield tag="500" ind1=" " ind2=" ">
    <subfield code="a">Includes index.   "Submitted to the London School of Economics as a doctoral thesis ... under the title: East India Company's land policy and management."</subfield>
  </datafield>
  <datafield tag="504" ind1=" " ind2=" ">
    <subfield code="a">Bibliography: p. [277]-282.</subfield>
  </datafield>
  <datafield tag="610" ind1="2" ind2="0">
    <subfield code="a">East India Company.</subfield>
    <subfield code="9">82</subfield>
  </datafield>
  <datafield tag="810" ind1="2" ind2=" ">
    <subfield code="a">Asiatic Society of Pakistan.</subfield>
    <subfield code="t">Publications ;</subfield>
    <subfield code="v">no. 14.</subfield>
    <subfield code="9">83</subfield>
  </datafield>
  <datafield tag="906" ind1=" " ind2=" ">
    <subfield code="a">7</subfield>
    <subfield code="b">cbc</subfield>
    <subfield code="c">oclcrpl</subfield>
    <subfield code="d">u</subfield>
    <subfield code="e">ncip</subfield>
    <subfield code="f">19</subfield>
    <subfield code="g">y-gencatlg</subfield>
  </datafield>
  <datafield tag="942" ind1=" " ind2=" ">
    <subfield code="2">ddc</subfield>
    <subfield code="c">BK</subfield>
  </datafield>
</record>
